000
00350pab a2200157 454500
008
180718b1996 xxu||||| |||| 00| 0 eng d
100
_a
Sen, Aditya
245
_a
Upturn in export of foodgrains
260
_c
1996
300
_a
p.21-23
362
_a
Oct
650
_a
Agriculture
650
_a
Food security
773
_a
Yojana
909
_a
32382
999
_c
32382
_d
32382